名前に曜日の漢字が含まれる現役選手(2026) - Statistics

General Stats
  • This quiz has been taken 19 times
  • The average score is 36 of 70
Answer Stats
曜日 現所属 ポジション 選手名 % Correct
日本ハム 外野手 水谷瞬
82%
中日 内野手 土田龍空
82%
オリックス 捕手 若月健矢
76%
DeNA 投手 清水麻成
76%
DeNA 内野手 清水詩太
76%
広島 捕手 清水叶人
76%
ヤクルト 投手 清水昇
76%
日本ハム 投手 清水大暉
76%
日本ハム 捕手 清水優心
76%
日本ハム 内野手 水野達稀
76%
オリックス 内野手 清水武蔵
76%
阪神 投手 木下里都
76%
巨人 投手 木下幹也
76%
中日 捕手 木下拓哉
76%
ヤクルト 投手 木澤尚文
76%
ソフトバンク 外野手 木下勇人
76%
阪神 内野手 木浪聖也
71%
DeNA 投手 佐々木千隼
65%
巨人 外野手 佐々木俊輔
65%
広島 内野手 佐々木泰
65%
ソフトバンク 投手 木村大成
65%
ソフトバンク 投手 木村光
65%
ソフトバンク 投手 佐々木明都
65%
西武 投手 佐々木健
65%
ロッテ 投手 木村優人
65%
日本ハム 投手 金村尚真
65%
ロッテ 内野手 金田優太
65%
阪神 投手 才木浩人
59%
中日 投手 松木平優太
59%
オリックス 投手 才木海翔
59%
中日 投手 金丸夢斗
59%
ソフトバンク 外野手 正木智也
53%
西武 投手 正木悠馬
53%
楽天 捕手 水上桂
47%
DeNA 投手 篠木健太郎
47%
楽天 内野手 金子京介
47%
西武 内野手 金子功児
47%
オリックス 内野手 香月一也
41%
巨人 投手 又木鉄平
41%
巨人 投手 鈴木圭晋
41%
巨人 外野手 鈴木大和
41%
広島 投手 鈴木健矢
41%
広島 投手 髙木快大
41%
広島 捕手 髙木翔斗
41%
ヤクルト 投手 鈴木蓮吾
41%
ヤクルト 捕手 鈴木叶
41%
ヤクルト 内野手 茂木栄五郎
41%
ヤクルト 外野手 並木秀尊
41%
ソフトバンク 投手 鈴木豪太
41%
ソフトバンク 外野手 鈴木貴大
41%
オリックス 投手 椋木蓮
41%
楽天 投手 鈴木翔天
41%
楽天 内野手 鈴木大地
41%
ロッテ 投手 八木彬
41%
ロッテ 投手 鈴木昭汰
41%
オリックス 投手 佐藤龍月
35%
阪神 投手 茨木秀俊
35%
オリックス 投手 小木田敦也
35%
ロッテ 投手 茨木佑太
35%
中日 投手 土生翔太
35%
楽天 投手 日當直喜
35%
広島 投手 赤木晴哉
29%
DeNA 投手 金渕光希
29%
広島 投手 日髙暖己
29%
巨人 投手 代木大和
24%
中日 捕手 日渡騰輝
24%
ソフトバンク 投手 長水啓眞
18%
西武 投手 黒木優太
18%
西武 投手 木瀬翔太
18%
ヤクルト 投手 竹山日向
18%
No matching quizzes found
Score Distribution
Percent of People with Each Score
Percentile by Number Answered
Your Score History
You have not taken this quiz